LEADER 01487nam2 22003013i 450 001 VAN0100081 005 20231129082844.338 100 $a20141204d1971 |0itac50 ba 101 $aita 102 $aIT 105 $a|||| ||||| 200 1 $aˆ23: La ‰compravendita$fDomenico Rubino 205 $aRistampa della 2. ed. riveduta e ampliata 210 $aMilano$cGiuffrè$d1971 215 $aXVI, 1150 p.$d25 cm 316 $aSala consultazione - Scaffale 5$5IT-IT-CE0105 CONSXV.D.223 461 1$1001VAN0001362$12001 $aTrattato di diritto civile e commerciale$fgià diretto da Antonio Cicu, Francesco Messineo$gcontinuato da Luigi Mengoni$g[poi] già diretto da Antonio Cicu, Francesco Messineo, Luigi Mengoni$gcontinuato da Piero Schlesinger$1210 $aMilano$cGiuffrè$1215 $avolumi$d25 cm.$v23 606 $aVendita$3VANC030351$2SG 620 $dMilano$3VANL000284 700 1$aRubino$bDomenico$3VANV001358$0227990 712 $aGiuffrè $3VANV109181$4650 801 $aIT$bSOL$c20240216$gRICA 856 4 $u/sebina/repository/catalogazione/documenti/La compravendita_UBG 100081.pdf$zLa compravendita_UBG 100081.pdf 899 $aBIBLIOTECA DEL DIPARTIMENTO DI GIURISPRUDENZA$1IT-CE0105$2VAN00 912 $aVAN0100081 950 $aBIBLIOTECA DEL DIPARTIMENTO DI GIURISPRUDENZA$d00CONS XV.D.2 23 $e00UBG100081 20221124 Sala consultazione - Scaffale 5 996 $aCompravendita$9579649 997 $aUNICAMPANIA LEADER 01777nam0 22004213i 450 001 VAN00290433 005 20250401121023.284 017 70$2N$a9783540482086 100 $a20250401d1993 |0itac50 ba 101 $aeng 102 $aDE 105 $a|||| ||||| 181 $ai$b e 182 $ab 183 $acr 200 1 $aDiophantine Approximation and Abelian Varieties$eIntroductory Lectures$fB. Edixhoven, J.-H. Evertse (Eds.) 210 $aBerlin$cSpringer$d1993 215 $axii, 127 p.$d24 cm 461 1$1001VAN00102250$12001 $aLecture notes in mathematics$1210 $aBerlin [etc.]$cSpringer$v1566 606 $a00B25$xProceedings of conferences of miscellaneous specific interest [MSC 2020]$3VANC020732$2MF 606 $a11-XX$xNumber theory [MSC 2020]$3VANC019688$2MF 606 $a14-XX$xAlgebraic geometry [MSC 2020]$3VANC019702$2MF 610 $aAbelian varieties$9KW:K 610 $aAlgebraic Geometry$9KW:K 610 $aDiophantine approximations$9KW:K 610 $aNumber theory$9KW:K 620 $dBerlin$3VANL000066 702 1$aEdixhoven$bBas$3VANV044299 702 1$aEvertse$bJan-Hendrik$3VANV044300 712 $aSpringer $3VANV108073$4650 801 $aIT$bSOL$c20250530$gRICA 856 4 $uhttps://doi.org/10.1007/978-3-540-48208-6$zE-book ? Accesso al full-text attraverso riconoscimento IP di Ateneo, proxy e/o Shibboleth 899 $aBIBLIOTECA DEL DIPARTIMENTO DI MATEMATICA E FISICA$1IT-CE0120$2VAN08 912 $fN 912 $aVAN00290433 950 $aBIBLIOTECA DEL DIPARTIMENTO DI MATEMATICA E FISICA$d08DLOAD e-Book 11308 $e08eMF11308 20250528 996 $aDiophantine approximation and abelian varieties$9262397 997 $aUNICAMPANIA